[Event "Teplice Open"]
[Site "Teplice CZE"]
[Date "2011.06.12"]
[Round "2"]
[White "Vavra,P1"]
[Black "Framberk,J"]
[Result "1-0"]
[WhiteElo "2363"]
[BlackElo "2069"]

1.d4 Nf6 2.Bg5 Ne4 3.Bf4 c5 4.f3 Qa5+ 5.c3 Nf6 6.Nd2 cxd4 7.Nb3 Qb6 8.Qxd4 Nc6
9.Qxb6 axb6 10.e4 e5 11.Bg5 d6 12.Nd2 Be6 13.Bb5 Kd7 14.f4 exf4 15.Bxf4 Kc7
16.Ngf3 Nd7 17.O-O f6 18.Nd4 Bf7 19.Bc4 Nxd4 20.cxd4 Bxc4 21.Nxc4 b5 22.Nxd6 Bxd6
23.Rfc1+ Kb6 24.Bxd6 Rhe8 25.Bc7+ Ka6 26.Re1 Rac8 27.Rac1 b6 28.d5 Kb7 29.Bf4 g5
30.Rxc8 Rxc8 31.Bd6 Rc2 32.b4 Kc8 33.Be7 h5 34.Kf1 g4 35.Re2 Rc4 36.Kf2 Rc3
37.Re3 Rc2+ 38.Kg3 Ne5 39.Bxf6 Nc4 40.Re1 Rxa2 41.e5 Kd7 42.e6+ Ke8 43.Kh4 Rf2
44.Kg5 Nd6 45.Be5 Nc4 46.d6 Nxe5 47.Rxe5 Rd2 48.Kf6 Rxd6 49.Rxh5 Kd8 50.Kf7  1-0

[Event "1st Forni Open"]
[Site "Forni di Sopra ITA"]
[Date "2011.06.14"]
[Round "4"]
[White "Meijers,V"]
[Black "Jaracz,B"]
[Result "1-0"]
[WhiteElo "2473"]
[BlackElo "2275"]

1.d4 Nf6 2.Bg5 Ne4 3.Bf4 d5 4.f3 Nf6 5.Nc3 e6 6.e4 dxe4 7.fxe4 Bb4 8.Qd3 O-O
9.Nf3 c5 10.a3 Ba5 11.dxc5 Bxc3+ 12.bxc3 Qa5 13.Nd2 Na6 14.Nb3 Qa4 15.Bd6 Rd8
16.e5 Nd5 17.Qd4 Bd7 18.Bxa6 Qxd4 19.cxd4 bxa6 20.Kd2 Ba4 21.Na5 f6 22.c4 Nf4
23.exf6 Ng6 24.fxg7 Kxg7 25.Rab1  1-0

[Event "Zonal 3.4 Women"]
[Site "Tashkent UZB"]
[Date "2011.06.15"]
[Round "8.2"]
[White "Nasriddinzoda,M"]
[Black "Qurbonboeva,S"]
[Result "1/2-1/2"]
[WhiteElo "2011"]
[BlackElo "2073"]

1.d4 Nf6 2.Bg5 Ne4 3.Bh4 d5 4.f3 Nd6 5.Nc3 c6 6.e4 Qa5 7.Qd2 e6 8.a3 Bd7
9.Nge2 Nc4 10.Qc1 b5 11.Nf4 Qb6 12.Bf2 Bd6 13.Nd3 Na6 14.Be2 O-O 15.e5 Be7
16.b4 Nc7 17.O-O a5 18.Nc5 Rfd8 19.Bxc4 bxc4 20.N3a4 Qb8 21.Rb1 Nb5 22.bxa5 Rxa5
23.Be1 Ra8 24.Qe3 Qa7 25.Bb4 Be8 26.Ra1 Qc7 27.f4 Ra7 28.Nb2 Rda8 29.a4 Bxc5
30.Bxc5 c3 31.Rab1 cxb2 32.axb5 Ra2 33.b6 Qb7 34.Qb3 Bd7 35.Rxb2 R2a4 36.Rbb1 Bc8
37.Rb2 Bd7 38.Rfb1 Bc8 39.Qh3 Ra1 40.Qh4 Qd7 41.Qe1 Rxb1 42.Qxb1 Qb7 43.Kf2 Ra4
44.Ke3 f5 45.Qd1 Qf7 46.Qb1 Bb7 47.Ra2 Rxa2 48.Qxa2 Qe8 49.Bd6 Qa8 50.Qb3 Qa1
51.Qb4 Qc1+ 52.Qd2 Qg1+ 53.Qf2 Qxh2 54.Kd2 h6 55.Be7 Kf7 56.Bd8 Kg8 57.Kc3 Qh1
58.Kb2 Qd1 59.Qe3 Qf1 60.Qg3 Qb5+ 61.Kc1 Qf1+ 62.Kd2 Kh7 63.Bf6 g6 64.Bd8 Ba6
65.Bc7 Qe2+ 66.Kc1 Qf1+ 67.Kb2 Kg7 68.Qa3 Qb5+ 69.Ka1 Qf1+ 70.Ka2 Qc4+ 71.Qb3 Qxb3+
72.Kxb3 Kf7 73.Bd6 Ke8 74.Kb4 Kd7 75.Bf8 h5 76.Bd6 Bc8 77.Kc3 Ba6 78.Kd2 Bb7
79.Ke3 Ke8 80.Kf3 Kf7 81.Kg3 Ba6 82.Kh4 Bb7 83.Kg5 Kg7 84.Be7 Ba6 85.Bf6+ Kf7
86.Kh4 Bb7 87.Kg3 Ba6 88.Kf3  1/2-1/2

[Event "Teplice Open"]
[Site "Teplice CZE"]
[Date "2011.06.15"]
[Round "5"]
[White "Majerik,V"]
[Black "Ta,V"]
[Result "1/2-1/2"]
[WhiteElo "1974"]
[BlackElo "1856"]

1.d4 Nf6 2.Bg5 Ne4 3.h4 c5 4.dxc5 Qa5+ 5.Nd2 Nxg5 6.hxg5 e5 7.c3 Qxc5 8.Ngf3 d6
9.Qb3 Qc7 10.e3 Be6 11.Qc2 g6 12.Bb5+ Nc6 13.e4 Be7 14.Bc4 O-O-O 15.Bxe6+ fxe6
16.O-O-O d5 17.Nb3 Kb8 18.Kb1 Rd7 19.Qe2 Rhd8 20.exd5 exd5 21.Rxh7 Bxg5 22.Rxd7 Qxd7
23.Qc2 Be7 24.Qxg6 e4 25.Nfd4 Ne5 26.Qe6 Qxe6 27.Nxe6 Rd6 28.Nf4 Ng4 29.Rxd5 Nxf2
30.Rxd6 Bxd6 31.Ne2 Kc7 32.Kc2 b6 33.Nbd4 a6 34.Kd2 Ng4 35.c4 Kd7 36.a3 e3+
37.Kd3 Nf2+ 38.Kxe3 Nd1+ 39.Ke4 Nxb2 40.Kd5 Bxa3 41.g4 Be7 42.Nc3  1/2-1/2

[Event "1st Forni Open"]
[Site "Forni di Sopra ITA"]
[Date "2011.06.16"]
[Round "7"]
[White "Meijers,V"]
[Black "Stella,A"]
[Result "0-1"]
[WhiteElo "2473"]
[BlackElo "2398"]

1.d4 Nf6 2.Bg5 Ne4 3.Bf4 c5 4.f3 Qa5+ 5.c3 Nf6 6.Nd2 cxd4 7.Nb3 Qb6 8.Qxd4 Nc6
9.Qxb6 axb6 10.Nd4 e5 11.Nxc6 exf4 12.Nd4 d5 13.e3 fxe3 14.Bb5+ Bd7 15.Ke2 Bc5
16.Bxd7+ Kxd7 17.Kxe3 Rhe8+ 18.Kd3 Bxd4 19.cxd4 b5 20.Ne2 b4 21.Kd2 Ra7 22.Rhe1 Rea8
23.Nc1 Ng8 24.Kc2 Ne7 25.Nd3 Nc6 26.Ne5+ Nxe5 27.Rxe5 Kd6 28.Kb3 b6 29.Ree1 Rc7
30.Rec1 Rac8 31.Rxc7 Rxc7 32.Kxb4 Rc2 33.h4 Rxg2 34.b3 Rh2 35.Kb5 Rxh4 36.Kxb6 Rxd4
37.Kb5 Rd3 38.Kb4 Rxf3 39.a4 Kc6 40.a5 Rf4+ 41.Kc3 Rf3+ 42.Kb4 Rf4+ 43.Kc3 Re4
44.a6 Re8 45.Kd4 Ra8 46.Rh1 h6 47.Rg1 g6 48.Rf1 f5 49.Rh1 Rxa6 50.Rxh6 Kb5
51.Kxd5 Kb4 52.Rh3 Ra5+ 53.Kd4 g5 54.Rd3 Ra1 55.Rf3 f4 56.Ke4 Re1+ 57.Kd3 Rb1
58.Kc2 Rg1 59.Kd2 Rg2+  0-1

[Event "Voronezh FIDE Open"]
[Site "Voronezh RUS"]
[Date "2011.06.16"]
[Round "5.32"]
[White "Chernyshova,N"]
[Black "Orekhov,N"]
[Result "0-1"]
[WhiteElo "2066"]
[BlackElo "1925"]

1.d4 Nf6 2.Bg5 Ne4 3.Bf4 c5 4.f3 Nf6 5.dxc5 b6 6.e4 bxc5 7.e5 Qc7 8.Bc4 e6
9.Nc3 Nc6 10.h4 Nxe5 11.Nh3 d6 12.Bxe5 dxe5 13.Qd2 Be7 14.O-O-O O-O 15.Qe3 Rb8
16.Rhe1 Qb6 17.b3 Ba6 18.Na4 Qa5 19.Bxa6 Qxa6 20.c4 Rb4 21.Nc3 Qa3+ 22.Kc2 a5
23.Qc1 Qxc1+ 24.Kxc1 e4 25.f4 Ng4 26.Nxe4 a4 27.Kc2 Rfb8 28.Rd3 Bxh4 29.Red1 Be7
30.Rc3 R4b7 31.Rcd3 h6 32.Nhf2 Nxf2 33.Nxf2 Bf6 34.Ne4 Bd4 35.Nd6 axb3+ 36.axb3 Ra7
37.Nb5 Ra2+ 38.Kb1 Rb2+ 39.Kc1 Rxg2 40.Nxd4 cxd4 41.Rf3 Rd8 42.c5 Ra8 43.Kb1 Raa2
44.Rxd4 Rab2+ 45.Ka1 Rbc2 46.Kb1 Rxc5 47.b4 Rh5 48.Rd1 Rb5 49.Rd4 g5 50.fxg5 hxg5
51.Rc3 e5 52.Rc8+ Kg7 53.Rdc4 Rd5 54.R8c5 Rd1+ 55.Rc1 Rdd2 56.R1c4 Rde2 57.b5 Rb2+
58.Kc1 f6 59.Rc7+ Kg6 60.Rb7 Ra2 61.Kb1 Rgb2+ 62.Kc1 Rb3 63.Rc6 g4 64.Rc4 g3
65.Rg4+ Kf5 66.Rg8 g2 67.b6 Rf3 68.Kb1 Re2  0-1

[Event "Voronezh Master Open"]
[Site "Voronezh RUS"]
[Date "2011.06.18"]
[Round "6.2"]
[White "Aleksandrov,A"]
[Black "Shaposhnikov,E"]
[Result "1/2-1/2"]
[WhiteElo "2628"]
[BlackElo "2533"]

1.d4 Nf6 2.Bg5 Ne4 3.Bf4 d5 4.e3 Bf5 5.Bd3 e6 6.Ne2 Bd6 7.Nbc3 Nxc3 8.bxc3 Bxd3
9.Qxd3 Nc6 10.c4 dxc4 11.Qxc4 O-O 12.O-O Rb8 13.Rab1 Qe7 14.Bg3 e5 15.c3 Kh8
16.Rfe1 f6 17.e4 exd4 18.Nxd4 Bxg3 19.hxg3 Ne5 20.Qe2 Rfe8 21.f4 Nf7 22.Qf2 a6
23.Re3 Nh6 24.Qf3 c5 25.Nb3 b5 26.Rbe1 Rbd8 27.Qh5 c4 28.Nd4 Qd7 29.e5 Qg4
30.Qxg4 Nxg4 31.Re4 Kg8 32.a3 Rd5 33.exf6 Rxe4 34.Rxe4 Nxf6 35.Re6 Kf7 36.Rxa6 Ne4
37.Ra7+ Kf6 38.Ra6+ Kf7 39.Ra7+ Kg6  1/2-1/2

[Event "Voronezh FIDE Open"]
[Site "Voronezh RUS"]
[Date "2011.06.18"]
[Round "7.21"]
[White "Molodchin,Vladimir"]
[Black "Najdin,Danil"]
[Result "0-1"]
[WhiteElo "2075"]
[BlackElo "1901"]

1.d4 Nf6 2.Bg5 Ne4 3.Bh4 d5 4.f3 Nd6 5.Nd2 c6 6.e3 Qb6 7.b3 e5 8.c3 Bf5 9.Ne2 Nd7
10.g4 Bg6 11.Bg3 f6 12.Bg2 Be7 13.f4 O-O-O 14.c4 exd4 15.exd4 dxc4 16.bxc4 Qb4
17.Qb3 Ne4 18.Bxe4 Bxe4 19.Rg1 Rhe8 20.c5 Nxc5 21.Qxb4 Nd3+ 22.Kf1 Bxb4 23.Nb3 Bf3
24.Nec1 Nxc1 25.Rxc1 Bxg4 26.Be1 Bh3+ 27.Kf2 Bxe1+ 28.Rcxe1 g6 29.Rc1 Re4
30.Rge1 Bf5 31.Rxe4 Bxe4 32.Ke3 Bd5 33.Nc5 Re8+ 34.Kd3 b6 35.Na6 Kd7 36.a4 Kd6
37.a5 Bf3 38.Nb4 bxa5 39.Na2 Be2+ 40.Kd2 Bf3 41.Nc3 Rb8 42.Ra1 Rb2+ 43.Ke3 Rxh2
44.Rxa5 Bd5 45.Nxd5 Rh3+ 46.Ke2 cxd5 47.Ra6+ Ke7 48.f5 gxf5 49.Rxa7+ Ke6
50.Ra6+ Kd7 51.Rxf6 Rh5 52.Ke3 Ke7 53.Ra6 Rh4 54.Ra5 f4+ 55.Kf3 Ke6 56.Ra8 Kf5
57.Rf8+ Kg5 58.Rg8+ Kf5 59.Rf8+ Ke6 60.Re8+ Kf7 61.Ra8 Ke6 62.Rc8 Kd7 63.Ra8 Kd6
64.Rd8+ Ke6 65.Re8+ Kd7 66.Ra8 h6 67.Ra6 Ke7 68.Rb6 h5 69.Ra6 Rg4 70.Rh6 Rh4
71.Ra6 Rh1 72.Kxf4 Re1 73.Rh6 Re4+ 74.Kf5 h4 75.Ra6 Rxd4 76.Ke5 Rd3 77.Ra7+ Kd8
78.Kf6 Kc8 79.Rh7 h3 80.Ke5 Kd8  0-1

[Event "Voronezh FIDE Open"]
[Site "Voronezh RUS"]
[Date "2011.06.19"]
[Round "8.5"]
[White "Provkin,V"]
[Black "Klimentov,R"]
[Result "1-0"]
[WhiteElo "2211"]
[BlackElo "2277"]

1.d4 Nf6 2.Bg5 Ne4 3.Bh4 c5 4.f3 g5 5.fxe4 gxh4 6.e3 Bh6 7.Qh5 Bxe3 8.Nf3 e6
9.Nbd2 Bxd2+ 10.Nxd2 cxd4 11.e5 d5 12.exd6 Qxd6 13.Bb5+ Bd7 14.O-O Qe7 15.Ne4 Bxb5
16.Rxf7 Bc6 17.Rxe7+ Kxe7 18.Qg5+  1-0

[Event "25th Open Pula"]
[Site "Pula CRO"]
[Date "2011.06.20"]
[Round "3.18"]
[White "De Val,D"]
[Black "Rogulj,B"]
[Result "0-1"]
[WhiteElo "2212"]
[BlackElo "2390"]

1.d4 Nf6 2.Bg5 Ne4 3.Bf4 d5 4.e3 e6 5.Bd3 Nf6 6.Nf3 Bd6 7.Bg3 Nc6 8.c3 Bxg3
9.hxg3 Qd6 10.Na3 a6 11.Qa4 Rb8 12.Qc2 b5 13.Nb1 e5 14.dxe5 Nxe5 15.Nxe5 Qxe5
16.Nd2 Bg4 17.b4 a5 18.Nb3 a4 19.Nd4 Bd7 20.Rd1 g6 21.Qe2 c6 22.O-O O-O 23.Rfe1 Rfe8
24.Qc2 Rbc8 25.e4 dxe4 26.Bxe4 c5 27.Nf3 Qc7 28.Qb1 Kg7 29.Ng5 Re5 30.f4 Re7
31.Bf3 Bf5 32.Rxe7 Qxe7 33.Re1 Qa7 34.Qb2 cxb4+ 35.Kh2 bxc3 36.Qxb5 c2 37.Qb2 a3
38.Qa1 Qc5 39.Qc1 h6 40.Re5 Qc3 41.Ne4 Bxe4  0-1

[Event "25th Open Pula"]
[Site "Pula CRO"]
[Date "2011.06.22"]
[Round "6.28"]
[White "Havas,L"]
[Black "Blazeka,M"]
[Result "1-0"]
[WhiteElo "2280"]
[BlackElo "2191"]

1.d4 Nf6 2.Bg5 Ne4 3.Bh4 c5 4.f3 g5 5.fxe4 gxh4 6.e3 Qb6 7.Nc3 Bg7 8.Nd5 Qa5+
9.c3 e6 10.Nf4 cxd4 11.exd4 Bh6 12.Ngh3 d6 13.Bc4 Nc6 14.O-O Bd7 15.b4 Qb6
16.Bxe6 Bxe6 17.Nxe6 Be3+ 18.Kh1 fxe6 19.Qf3 Bd2 20.Rad1 Bxc3 21.Qxc3 Qxb4
22.Qc1 Ne7 23.Qh6 Qc4 24.Ng5 Kd7 25.d5  1-0

[Event "1st Roszke GM"]
[Site "Roszke HUN"]
[Date "2011.06.22"]
[Round "5.3"]
[White "Kosanovic,G"]
[Black "Sax,G"]
[Result "1/2-1/2"]
[WhiteElo "2383"]
[BlackElo "2513"]

1.d4 Nf6 2.Bg5 Ne4 3.Bf4 d5 4.e3 e6 5.Bd3 Bd6 6.Bxe4 Bxf4 7.exf4 dxe4 8.Nc3 Nc6
9.Nge2 f5 10.Qd2 Ne7 11.O-O b6  1/2-1/2

[Event "64th ch-RUS HL"]
[Site "Taganrog RUS"]
[Date "2011.06.24"]
[Round "9"]
[White "Shimanov,A"]
[Black "Zakhartsov,Vi"]
[Result "1-0"]
[WhiteElo "2583"]
[BlackElo "2578"]

1.d4 Nf6 2.Bg5 Ne4 3.Bf4 d5 4.e3 c5 5.Bd3 Nc6 6.Bxe4 dxe4 7.d5 e5 8.Bg3 Ne7
9.Nc3 f6 10.Qe2 Nf5 11.Qc4 h5 12.Qxe4 Nd6 13.Qg6+ Ke7 14.Bh4 Nf5 15.Bg5 fxg5
16.Qxg5+ Ke8 17.Qg6+ Ke7 18.Nf3 Qd6 19.Qxd6+ Nxd6 20.Nxe5 Bf5 21.O-O-O g5
22.e4 Bg7 23.Nd3 Bxc3 24.exf5 Bd4 25.Rhe1+ Kd7 26.Re6 Rae8 27.c3 c4 28.Ne1 Bxf2
29.Nf3 Nxf5 30.Ne5+ Kc8 31.Nf7 Rhf8 32.Rf1 Be3+ 33.Kb1 Ng7 34.Rg6 Rxf7 35.Rxf7 Bf4
36.a4 Re1+ 37.Ka2 Ne8 38.g3 Bc1 39.Rg8 Kd8 40.d6 Re2 41.Rxb7  1-0

[Event "49th National Challengers ch-IND"]
[Site "Aurangabad IND"]
[Date "2011.06.26"]
[Round "13"]
[White "Shyam,N"]
[Black "Venkatesh,M"]
[Result "1/2-1/2"]
[WhiteElo "2412"]
[BlackElo "2463"]

1.d4 Nf6 2.Bg5 Ne4 3.Bf4 d5 4.e3 c5 5.Bd3 Nf6 6.c3 Nc6 7.Nf3 g6 8.Nbd2 Bg7
9.h3 O-O 10.Ne5 Qb6 11.Rb1 Nd7 12.Nxc6 bxc6 13.Nf3 f6 14.Be2 e5 15.Bh2 cxd4
16.cxd4 Qa5+ 17.Qd2 Qxa2 18.O-O Qb3 19.Rfc1 e4 20.Ne1 Bb7 21.Bc7 Rfc8 22.Bd1 Qb5
23.Be2 Qb3 24.Bd1 Qb5 25.Be2  1/2-1/2

[Event "19th Albena Open"]
[Site "Albena BUL"]
[Date "2011.06.27"]
[Round "3.16"]
[White "Dobrev,Nay"]
[Black "Ermenkov,Evgenij"]
[Result "1/2-1/2"]
[WhiteElo "2206"]
[BlackElo "2451"]

1.d4 Nf6 2.Bg5 Ne4 3.Bf4 c5 4.f3 Qa5+ 5.c3 Nf6 6.Nd2 cxd4 7.Nb3 Qf5 8.Bxb8 Rxb8
9.Qxd4 b6 10.e4 Qf4 11.Nh3 Qc7 12.e5 Ng8 13.Nf2 g6 14.Bd3 Bg7 15.f4 f6 16.Ng4 Bb7
17.O-O-O fxe5 18.fxe5 Bxg2 19.Rhe1 e6 20.Kb1 Bf3 21.Rd2 Bxg4 22.Qxg4 Nh6
23.Bxg6+ hxg6 24.Qxg6+ Kf8 25.Rg2 Nf5 26.Nd4 Rh6 27.Qg4 Rh7 28.Nxf5 exf5
29.Qxf5+ Kg8 30.Reg1 Rf8 31.Qxh7+ Kxh7 32.Rxg7+ Kh8 33.R7g5 Rf7 34.Rg8+ Kh7
35.R8g3 Kh8 36.Rg8+ Kh7 37.R8g3 Kh8 38.Rg8+ Kh7  1/2-1/2

[Event "19th Albena Open"]
[Site "Albena BUL"]
[Date "2011.06.30"]
[Round "6.27"]
[White "Dobrev,Nay"]
[Black "Kadric,D"]
[Result "0-1"]
[WhiteElo "2206"]
[BlackElo "2376"]

1.d4 Nf6 2.Bg5 Ne4 3.Bf4 c5 4.f3 Qa5+ 5.c3 Nf6 6.Nd2 cxd4 7.Nb3 Qf5 8.Bxb8 Rxb8
9.Qxd4 b6 10.e4 Qf4 11.Nh3 Qc7 12.e5 Ng8 13.Nf2 g6 14.Bd3 Bg7 15.f4 f6 16.Ng4 fxe5
17.fxe5 h5 18.Qe4 Qc6 19.Qxg6+ Qxg6 20.Bxg6+ Kd8 21.Ne3 Bxe5 22.O-O Nf6 23.Nc4 Bc7
24.Nd4 Bb7 25.Nf5 b5 26.Nd2 Ng4 27.h3 Bb6+ 28.Kh1 Ne5 29.Nh4 Nxg6 30.Nxg6 Bxg2+
31.Kxg2 Rg8 32.Rf8+ Kc7 33.Rxg8 Rxg8 34.Re1 Rxg6+ 35.Kh2 Kd8 36.Nf1 Rf6 37.Ne3 Rf2+
38.Kg3 Rxb2 39.Kh4 Rh2 40.a3 Bc5 41.c4 bxc4  0-1

[Event "TCh-TUR 2011"]
[Site "Konya TUR"]
[Date "2011.06.30"]
[Round "3"]
[White "Sirin,A"]
[Black "Erdogdu,M"]
[Result "0-1"]
[WhiteElo "2230"]
[BlackElo "2434"]

1.d4 Nf6 2.Bg5 Ne4 3.Bh4 c5 4.f3 g5 5.fxe4 gxh4 6.Nc3 Nc6 7.e3 Bg7 8.Nf3 cxd4
9.exd4 O-O 10.Qd3 Nb4 11.Qe2 d5 12.O-O-O e6 13.a3 a5 14.g3 hxg3 15.hxg3 dxe4
16.Qxe4 f5  0-1

[Event "XIII Open"]
[Site "Torredembarra ESP"]
[Date "2011.07.04"]
[Round "3"]
[White "Kukov,V"]
[Black "Kogan,Ar"]
[Result "0-1"]
[WhiteElo "2377"]
[BlackElo "2548"]

1.d4 Nf6 2.Bg5 Ne4 3.Bf4 c5 4.f3 Nf6 5.dxc5 b6 6.e4 bxc5 7.e5 Qc7 8.Nc3 Nc6
9.Qd2 Nh5 10.Nd5 Qb8 11.e6 Nxf4 12.Qxf4 fxe6 13.Nc7+ Kd8 14.Nxe6+ dxe6 15.O-O-O+ Ke8
16.Qe4 Qb6 17.Bd3 Bd7 18.Ne2 g6 19.Bc4 Bg7 20.c3 Rb8 21.b3 Ne5 22.Nf4 Qa5
23.Rxd7 Qxc3+  0-1

[Event "Karvina Open"]
[Site "Karvina CZE"]
[Date "2011.07.05"]
[Round "4.8"]
[White "Kireev,Al"]
[Black "Zwardon,V"]
[Result "0-1"]
[WhiteElo "2360"]
[BlackElo "2231"]

1.d4 Nf6 2.Bg5 Ne4 3.Bh4 g5 4.f3 gxh4 5.fxe4 c5 6.e3 Bh6 7.Kf2 cxd4 8.exd4 Nc6
9.Nc3 Rg8 10.Nf3 d6 11.h3 Bf4 12.Bc4 Bg3+ 13.Kf1 e6 14.Ne2 Qf6 15.c3 Bd7
16.Nxg3 Rxg3 17.Qe2 O-O-O 18.Qf2 Rdg8 19.Rh2 e5 20.d5 Ne7 21.Nd2 Qh6 22.Ke1 f5
23.Be2 Kb8 24.Bf3 Qf4 25.Rh1 Rf8 26.Rf1 Bb5 27.c4 fxe4 28.Nxe4 Bxc4 29.Rh1 Rg6  0-1

[Event "Lev Polugaevsky Mem"]
[Site "Samara RUS"]
[Date "2011.07.05"]
[Round "1"]
[White "Sorochan,D"]
[Black "Shaposhnikov,E"]
[Result "0-1"]
[WhiteElo "2110"]
[BlackElo "2540"]

1.d4 Nf6 2.Bg5 Ne4 3.h4 d5 4.Nd2 Nxd2 5.Qxd2 Nc6 6.e3 Bf5 7.Bd3 Bxd3 8.Qxd3 f6
9.Bf4 e5 10.dxe5 fxe5 11.Bg3 Qd7 12.O-O-O O-O-O 13.Ne2 Be7 14.Kb1 Bf6 15.Nc3 Ne7
16.f3 c5 17.Bf2 c4 18.Qe2 Qc6 19.Ka1 b5 20.h5 b4 21.Nb1 Rd6 22.Bh4 Bxh4 23.Rxh4 Nf5
24.Rg4 d4 25.f4 e4 26.exd4 Nxd4 27.Rxd4 Rxd4 28.Rxg7 Rhd8 29.f5 Rd1 30.f6 Qd5
31.a3 b3 32.cxb3 Qd3 33.Qg4+ Rd7 34.Rg8+ Kb7 35.Qxd7+ Qxd7 36.Rg7 e3  0-1

[Event "Oberwart Open"]
[Site "Oberwart AUT"]
[Date "2011.07.09"]
[Round "1.15"]
[White "Kiss,R"]
[Black "Danner,G"]
[Result "1/2-1/2"]
[WhiteElo "2058"]
[BlackElo "2401"]

1.d4 Nf6 2.Bg5 Ne4 3.Bh4 g5 4.Bg3 Bg7 5.c3 d5 6.e3 Bf5 7.Bd3 Nd7 8.Ne2 e6
9.O-O h5 10.f3 Nxg3 11.Nxg3 Bxd3 12.Qxd3 c6 13.Nd2 Qb6 14.b4 a5 15.a3 Qa6
16.Qxa6 Rxa6 17.Nb3 a4 18.Nc5 Ra7 19.Rab1 b5 20.Nxd7 Rxd7 21.Rbe1 Bf8 22.Ne2 Bd6
23.g3 f5 24.f4 Rg7 25.Kf2 h4 26.Rh1 Kf7 27.Reg1 Kf6 28.Kf3 Rgh7 29.Kg2 Kg6
30.Nc1 Rg8 31.Nd3 Kf6 32.Kf3 g4+ 33.Kg2 Rgh8 34.Rd1 Ke7 35.Rdf1 Kd7 36.Rd1 Ke7
37.Rdf1 Kf7 38.Rd1 Kg6 39.Rdf1 Kf6  1/2-1/2

[Event "21st Heart of Finland"]
[Site "Jyvaskyla FIN"]
[Date "2011.07.13"]
[Round "4"]
[White "Novik,Ma"]
[Black "Nieminen,K"]
[Result "1-0"]
[WhiteElo "2478"]
[BlackElo "2169"]

1.d4 Nf6 2.Bg5 Ne4 3.Bh4 c5 4.f3 g5 5.fxe4 gxh4 6.e3 Qb6 7.Nc3 e6 8.Nf3 Bg7
9.Qd2 O-O 10.O-O-O d6 11.Qf2 Nc6 12.Qxh4 Qd8 13.Qg3 cxd4 14.exd4 Kh8 15.Kb1 e5
16.d5 Nd4 17.Ne2 Nxe2 18.Bxe2 Bd7 19.Rhf1 Bf6 20.Qf2 a6 21.Nd4 Bg7 22.Nf5 Bxf5
23.Qxf5 h6 24.Rd3 Rc8 25.Rg3 Rc7 26.Qh5 f5 27.Rxf5 Rxf5 28.Qxf5 Qh4 29.Qg6 Qxh2
30.a3 Qg1+ 31.Ka2 Qf2 32.Bg4 Qf7 33.Qxd6 Re7 34.Bf5 Qf6 35.Qxf6 Bxf6 36.c4 b6
37.Rg6  1-0

[Event "Myrhorod Open A"]
[Site "Myrhorod UKR"]
[Date "2011.07.13"]
[Round "8.17"]
[White "Anatskiy,A"]
[Black "Plaksin,V"]
[Result "0-1"]
[WhiteElo "1998"]
[BlackElo "2180"]

1.d4 Nf6 2.Bg5 Ne4 3.Bf4 d5 4.e3 e6 5.Nd2 Bd6 6.Bxd6 Nxd6 7.Bd3 Nd7 8.Ngf3 b6
9.c3 Bb7 10.Qc2 f5 11.c4 c6 12.O-O O-O 13.Rac1 Qe7 14.Ne5 Nxe5 15.dxe5 Ne4
16.f4 c5 17.Rfd1 Rad8 18.Qb3 Kh8 19.a4 g5 20.a5 gxf4 21.exf4 Rg8 22.Bf1 Nxd2
23.Rxd2 dxc4 24.Qe3 Rxd2 25.Qxd2 b5 26.Qe3 Bd5 27.b3 cxb3 28.Rxc5 a6 29.Rc1 Qb4
30.Rc7 Qe4 31.Qh3 Rxg2+ 32.Qxg2 Qxg2+ 33.Bxg2 b2  0-1

[Event "St Pauli Open"]
[Site "Hamburg GER"]
[Date "2011.07.14"]
[Round "7.18"]
[White "Wronn,B"]
[Black "Bildat,J"]
[Result "1-0"]
[WhiteElo "2196"]
[BlackElo "2106"]

1.d4 Nf6 2.Bg5 Ne4 3.Bf4 d5 4.f3 Nf6 5.c4 e6 6.Nc3 c5 7.cxd5 Nxd5 8.Nxd5 Qxd5
9.e4 Qxd4 10.Qxd4 cxd4 11.O-O-O Nc6 12.Bb5 Bd7 13.Bxc6 Bxc6 14.Be5 Bc5 15.Ne2 d3
16.Rxd3 Bb5 17.Rc3 Bb6 18.Nd4 Ba6 19.Rd1 Ba5 20.Rc2 O-O 21.Bd6 Rfc8 22.b4 Rxc2+
23.Kxc2 Rc8+ 24.Kb1 Rd8 25.e5 Bb6 26.b5 Bxd4 27.bxa6 Bxe5 28.axb7 Bxd6 29.Rxd6 Rb8
30.Rd7 g6 31.Kc2 Kg7 32.Kd3 Kf6 33.Kd4 g5 34.Kc5 e5 35.Kd6 Re8 36.Kc7 Ke6
37.Rd6+ Ke7 38.Ra6  1-0

[Event "21st Heart of Finland"]
[Site "Jyvaskyla FIN"]
[Date "2011.07.15"]
[Round "7"]
[White "Pohjala,H"]
[Black "Novik,Ma"]
[Result "1-0"]
[WhiteElo "2241"]
[BlackElo "2478"]

1.d4 Nf6 2.Bg5 Ne4 3.Bf4 c5 4.f3 Qa5+ 5.c3 Nf6 6.d5 e6 7.e4 exd5 8.exd5 d6
9.Nd2 Be7 10.Ne2 O-O 11.Ng3 Qd8 12.Nc4 h5 13.Ne4 Re8 14.Be2 Nxe4 15.fxe4 Bh4+
16.g3 Rxe4 17.O-O Rxf4 18.Rxf4 Bg5 19.Qf1 b5 20.Bxh5 g6 21.Rxf7 gxh5 22.Qd3 Kxf7
23.Qh7+ Ke8 24.Qg6+ Kd7 25.Qxd6+ Ke8 26.Qg6+ Kd7 27.Qd6+ Ke8 28.Re1+ Be7
29.Qg6+ Kd7 30.d6 Bf6 31.Re7+ Qxe7 32.dxe7 Bxe7 33.Qf5+ Kd8 34.Qd5+ Nd7 35.Ne5 Rb8
36.Nc6+ Kc7 37.Nxe7 Bb7 38.Qxh5 Rf8 39.Nd5+ Kd6 40.Nf4 Rf6 41.Qg5 Rf7 42.b4 Re7
43.bxc5+ Nxc5 44.Qf6+ Ne6 45.h4 a6 46.h5 Kd7 47.Ng6  1-0

[Event "ch-Central Serbia Int Open B"]
[Site "Paracin SRB"]
[Date "2011.07.15"]
[Round "9.9"]
[White "Djukanovic,M"]
[Black "Zivkovic,Zivojin"]
[Result "1/2-1/2"]
[WhiteElo "1719"]
[BlackElo "1984"]

1.d4 Nf6 2.Bg5 Ne4 3.Bf4 c5 4.f3 Nf6 5.d5 Qa5+ 6.c3 b5 7.e4 d6 8.Nd2 g6 9.a4 b4
10.Nc4 Qc7 11.cxb4 cxb4 12.Rc1 Qd8 13.Qd2 a5 14.Nb6 Qxb6 15.Rxc8+ Kd7 16.Qc1 e6
17.Bb5+ Ke7 18.Bg5 Bg7 19.Rxh8 Bxh8 20.Qc8 Qd8 21.Qb7+ Nd7 22.Bxd7 Rb8 23.Qa7 Ra8
24.Qb7 Rb8 25.Qa7 Ra8  1/2-1/2

[Event "ch-Central Serbia Int Open A"]
[Site "Paracin SRB"]
[Date "2011.07.15"]
[Round "9.39"]
[White "Livaja,M"]
[Black "Osmanovic,F"]
[Result "1-0"]
[WhiteElo "2267"]
[BlackElo "2053"]

1.d4 Nf6 2.Bg5 Ne4 3.Bf4 c5 4.d5 e6 5.dxe6 fxe6 6.e3 Qb6 7.Qc1 c4 8.c3 d5
9.Nd2 Nxd2 10.Qxd2 Be7 11.Be2 O-O 12.Nf3 Nc6 13.O-O Bd7 14.b3 cxb3 15.axb3 Bf6
16.Rab1 Rac8 17.c4 e5 18.Qxd5+ Rf7 19.Bxe5 Nb4 20.Qd4 Bf5 21.Ra1 Qe6 22.Bxf6 Nc6
23.Qc3 Rxf6 24.Nd4 Qe5 25.f4 Qc5 26.Nxc6 Rfxc6 27.Ra5 Qf8 28.Bf3 R6c7 29.Rxa7 Qc5
30.Ra5 b5 31.Qd4 Qxd4 32.exd4 Bd3 33.Rc1 bxc4 34.bxc4 Bxc4 35.Ra8 Rxa8 36.Bxa8 Ra7
37.Bf3 Bb5 38.Kf2 Kf7 39.Rb1 Ra2+ 40.Ke3 Bc4 41.d5 Ba6 42.Kd4 g6 43.Rc1 h5
44.Ke5 Bd3 45.Rc7+ Ke8 46.d6 Bf5 47.Bc6+ Kf8 48.Rf7+ Kg8 49.Re7 Rd2 50.d7 Bxd7
51.Rxd7 Rf2 52.Bd5+ Kh8 53.Be4 h4 54.Rd6 h3 55.Rxg6 hxg2 56.Bxg2 Kh7 57.Rg3 Re2+
58.Kf6 Rd2 59.Be4+ Kh8 60.Rh3+ Kg8 61.f5 Rd4 62.Ke5 Ra4 63.f6 Kf7 64.Bd5+ Kg6
65.Rg3+ Kh7 66.f7 Rh4 67.Be4+  1-0

[Event "13th Sant Marti Open"]
[Site "Barcelona ESP"]
[Date "2011.07.16"]
[Round "4"]
[White "Rojas Keim,L"]
[Black "Delgado Ramos,H"]
[Result "0-1"]
[WhiteElo "2438"]
[BlackElo "2488"]

1.d4 Nf6 2.Bg5 Ne4 3.Bf4 d5 4.f3 Nf6 5.Nc3 e6 6.e4 Bb4 7.Qd3 O-O 8.Ne2 b6
9.O-O-O Ba6 10.Qe3 Nc6 11.e5 Nd7 12.Bg5 Be7 13.h4 Na5 14.Kb1 c5 15.Nf4 Bxf1
16.Rdxf1 cxd4 17.Qxd4 Nc6 18.Qd1 Ncxe5 19.Nh5 Nc4 20.Qd4 Nf6 21.g4 Nxh5 22.gxh5 Bf6
23.Qf4 Qd6 24.Qc1 Bxc3 25.bxc3 f6 26.Bf4 Qa3 27.Qxa3 Nxa3+ 28.Kc1 Rfc8 29.Bd2 Kf7
30.h6 gxh6 31.Bxh6 Nc4 32.Rh2 Nd6 33.Bf4 Nf5 34.Kb2 h5  0-1

[Event "2nd Girona Open"]
[Site "Girona ESP"]
[Date "2011.07.16"]
[Round "3"]
[White "Alvarez Serra,J"]
[Black "Caballero Maytin,J"]
[Result "1-0"]
[WhiteElo "1992"]
[BlackElo "2070"]

1.d4 Nf6 2.Bg5 Ne4 3.Bf4 g6 4.f3 Nf6 5.e4 d6 6.Bc4 Bg7 7.Qd2 O-O 8.Nc3 Nbd7
9.Nge2 c5 10.Bh6 cxd4 11.Nxd4 Ne5 12.Bb3 Bd7 13.h4 Qb6 14.O-O-O Rfc8 15.Bxg7 Kxg7
16.g4 a5 17.a4 Nc4 18.Bxc4 Rxc4 19.h5 Rh8 20.hxg6 fxg6 21.g5 Nh5 22.Nd5 Qd8
23.b3 Rc5 24.Ne2 e5 25.f4 Bg4 26.Rdg1 Bf3 27.Rxh5 Bxh5 28.Ng3 Bg4 29.f5 gxf5
30.exf5 Bf3 31.Nf6 Qb6 32.Ngh5+ Bxh5 33.Nxh5+ Kf8 34.Rg3 Qc6 35.Nf6 Ke7 36.Rh3 h6
37.Ng4 Rc8 38.f6+ Ke6 39.c4 Rxc4+ 40.bxc4 Qxc4+ 41.Kb2 Qxg4 42.Rxh6 Rc6 43.f7+ Kxf7
44.Qf2+ Qf4 45.Rf6+ Kg7 46.Rxf4 exf4 47.Qxf4 d5 48.Qe5+ Kg6 49.Qxd5  1-0

[Event "13th Sant Marti Open"]
[Site "Barcelona ESP"]
[Date "2011.07.17"]
[Round "5"]
[White "Dominguez Pons,E"]
[Black "Martinez Ramirez,E"]
[Result "0-1"]
[WhiteElo "2344"]
[BlackElo "2257"]

1.d4 Nf6 2.Bg5 Ne4 3.Bf4 d5 4.e3 e6 5.Bd3 Bd6 6.Bxe4 Bxf4 7.exf4 dxe4 8.Nc3 f5
9.Qd2 c5 10.d5 exd5 11.Qxd5 Qxd5 12.Nxd5 Na6 13.f3 Be6 14.fxe4 Bxd5 15.exd5 Nb4
16.O-O-O O-O-O 17.c4 Nxa2+ 18.Kb1 Nb4 19.Nf3 b5 20.Ne5 Rhf8 21.cxb5 Rxd5
22.Rxd5 Nxd5 23.g3 Kb7 24.Nc4 Rd8 25.Re1 g6 26.Re6 Nb4 27.Re7+ Kc8 28.b3 Rd7
29.Rxd7 Kxd7 30.Ne5+ Kc7 31.Nf7 Nd5 32.Kc2 Kb6 33.Nd6 Ne3+ 34.Kd3 Nf1 35.Kc4 Nd2+
36.Kc3 Ne4+ 37.Nxe4 fxe4 38.Kc4 e3 39.Kd3 Kxb5 40.Kxe3 c4 41.h4 cxb3 42.Kd3 a5
43.g4 Kc6 44.f5 gxf5 45.g5 Kd6 46.h5 Ke6  0-1

[Event "St Pauli Open"]
[Site "Hamburg GER"]
[Date "2011.07.17"]
[Round "9.47"]
[White "Knaak,M"]
[Black "Jung,Gera"]
[Result "0-1"]
[WhiteElo "1919"]
[BlackElo "2022"]

1.d4 Nf6 2.Bg5 Ne4 3.Bh4 c5 4.f3 g5 5.fxe4 gxh4 6.e3 Bh6 7.Qh5 Qb6 8.Nd2 cxd4
9.Ngf3 Bxe3 10.O-O-O Qg6 11.Qe5 f6 12.Qc7 Nc6 13.Kb1 Qh6 14.Bb5 Bf4 15.e5 fxe5
16.Ne4 d5 17.Nc5 Qd6 18.Qxd6 exd6 19.Nd3 O-O 20.Nxh4 Be3 21.h3 e4 22.Bxc6 bxc6
23.Nb4 Bd7 24.Na6 Rac8 25.g4 c5  0-1